00644nam a2200157 a 450000100100000000500170001000800410002704000250006810000410009324500890013426000780022330000210030150000420032295201050036499900170046900003976620201002033725.0130718s1986 ch 000 0 spa d aDO-SdBNPbspacBNPHU1 aVicuña Mackenna, Benjamín96595910aBenjamín Vicuña Mackenna :bpáginas escogidas /cBenjamín Vicuña Mackenna. aSantiago de Chile :bEditorial UniversitariabBiblioteca Nacional,c1986. a372 p. ;c24 cm. aIncluye notas al pie de las páginas 001050718MOaGRbGRcCTd2013-07-18iLF1l0o p39766-10r2020-06-25w2020-06-25y1ZNo se presta c39256d39256